Z nových veršov

Bibliographic Details
Main Author: Matláková, Zlata, 1949- (Author)
Format: Article
Language:Slovak
PhysicalDescription:Fotogr.
ISSN:0862-5999
Subjects:

MARC

LEADER 00000nab a2200000 a 4500
001 vtls009505313
003 SK-MaSNL
005 20260304014639.0
008 241209c2009 xo |||||| | ||00 b|slo
015 |a SNBRB2009/05  |2 snkbucl 
038 |a SNKBUCL 
040 |a SNKBUCL  |b slo  |c SNKBUCL  |e AACR2 
041 0 |a slo 
044 |a xo  |c SK 
080 |a 821.162.4-1  |2 2001 
100 1 |a Matláková, Zlata,  |d 1949-  |4 aut  |9 111671 
245 1 0 |a Z nových veršov  |c Zlata Matláková 
300 |b Fotogr. 
655 7 |a slovenská literatúra  |2 snkbucl  |9 289602 
655 7 |a slovenská poézia  |2 snkbucl  |9 70444 
773 0 |t Literárny (dvoj)týždenník  |g Roč. XXII, č. 15-16 (2009), s. 7  |x 0862-5999 
852 |a SNK  |b KIS3GCP 
958 |a LX 
999 |c 2586613  |d 2588543